<?xml version="1.0" encoding="UTF-8"?>
<record
    xmlns:xsi="http://www.w3.org/2001/XMLSchema-instance"
    xsi:schemaLocation="http://www.loc.gov/MARC21/slim http://www.loc.gov/standards/marcxml/schema/MARC21slim.xsd"
    xmlns="http://www.loc.gov/MARC21/slim">

  <leader>00592nam a2200205Ia 4500</leader>
  <controlfield tag="005">20251121144130.0</controlfield>
  <controlfield tag="008">230125s9999    xx            000 0 und d</controlfield>
  <datafield tag="020" ind1=" " ind2=" ">
    <subfield code="a">9780070603370</subfield>
  </datafield>
  <datafield tag="041" ind1=" " ind2=" ">
    <subfield code="a">eng</subfield>
  </datafield>
  <datafield tag="082" ind1=" " ind2=" ">
    <subfield code="a">158.1</subfield>
    <subfield code="b">ZEI</subfield>
  </datafield>
  <datafield tag="100" ind1=" " ind2=" ">
    <subfield code="a">Zeigler K</subfield>
    <subfield code="9">215257</subfield>
  </datafield>
  <datafield tag="245" ind1=" " ind2=" ">
    <subfield code="a">Getting Organized at Work</subfield>
    <subfield code="b">24 Lessons to Set Goals, Establish Priorities and Manage Your Time</subfield>
  </datafield>
  <datafield tag="260" ind1=" " ind2=" ">
    <subfield code="c">2005</subfield>
    <subfield code="b">Tata Mcgraw Hill</subfield>
    <subfield code="a">New Delhi</subfield>
  </datafield>
  <datafield tag="300" ind1=" " ind2=" ">
    <subfield code="a">48p</subfield>
  </datafield>
  <datafield tag="500" ind1=" " ind2=" ">
    <subfield code="a">Personality Development
</subfield>
  </datafield>
  <datafield tag="650" ind1=" " ind2=" ">
    <subfield code="a">Personality Development</subfield>
    <subfield code="9">213420</subfield>
  </datafield>
  <datafield tag="700" ind1=" " ind2=" ">
    <subfield code="a">Zeigler K</subfield>
    <subfield code="9">215257</subfield>
  </datafield>
  <datafield tag="906" ind1=" " ind2=" ">
    <subfield code="b">47.5</subfield>
  </datafield>
  <datafield tag="942" ind1=" " ind2=" ">
    <subfield code="c">BK</subfield>
  </datafield>
  <datafield tag="999" ind1=" " ind2=" ">
    <subfield code="c">93961</subfield>
    <subfield code="d">93961</subfield>
  </datafield>
  <datafield tag="952" ind1=" " ind2=" ">
    <subfield code="0">0</subfield>
    <subfield code="1">0</subfield>
    <subfield code="4">0</subfield>
    <subfield code="7">0</subfield>
    <subfield code="a">HIMR</subfield>
    <subfield code="b">HIMR</subfield>
    <subfield code="d">2016-03-01</subfield>
    <subfield code="e">Donated Book- Outside Donar</subfield>
    <subfield code="g">95.00</subfield>
    <subfield code="o">158.1 ZEI DB2532</subfield>
    <subfield code="p">HIMR-DB-2532</subfield>
    <subfield code="r">2023-01-25 00:00:00</subfield>
    <subfield code="v">47.50</subfield>
    <subfield code="w">2023-01-25</subfield>
    <subfield code="y">DB</subfield>
    <subfield code="z">DB2532</subfield>
  </datafield>
</record>
